Transfery Lechii w letnim okienku transferowym 2021/22. - Statystyki

Ogólne statystyki
  • Ten quiz został rozwiązany 40 razy
  • Średni wynik to 4 z 6
Statystyki odpowiedzi
Cena Pozycja Narodowość Poprzedni Klub Piłkarz % Poprawnych
Wypożyczenie Środkowy napastnik Mali Yeelen Diabate
91%
Za darmo Lewy napastnik Turcja St. Mirren Durmus
88%
Za darmo Ofensywny pomocnik Niemcy Paderborn Terrazzino
81%
Za darmo Ofensywny pomocnik Polska Raków Częstochowa Szczepański
75%
Za darmo Środkowy napastnik Polska Stal Mielec Zjawiński
72%
Za darmo Prawy napastnik Indonezja Radnik Witan
41%
Nie znaleziono quizów pasujących do podanych kryteriów
Rozkład punktacji
Procent ludzi z każdym wynikiem
Percentyl według liczby udzielonych odpowiedzi
Twoja historia wyników
Nie rozwiązałeś tego quizu